00856 2200289 4500001002100000005001500021035002000036007000300056008004100059020002200100082001200122084001800134100002900152245014300181250001000324260004300334300003400377500001100411500001400422650003900436700002200475504002500497990001100522990001100533990001100544990001100555INLIS00000000000567220200722092330 a0010-0420000066ta200722 g 0 ind  a978-602-8507-39-4 a959.803 a959.803 RIR e0 aRIRIEN, Marlia Setiarini1 aEnsiklopedia Seni Budaya dan Keterampilan Jawa Tengah, Jawa Timur, Kalimantan Selatan /cRirien Marlia Setiarini; editor, Andarini Saptika acet.2 aJakarta :bMultazam Mulia Utama,c2011 avi,52 hlm. :bilus. ;c30 cm. aIndeks aGlosarium 4aKEBUDAYAAN INDONESIA - ENSIKLOPEDI0 aANDARINI, Saptika aBibliografi : hlm.51 a7416 a a7416 b a7416 c a7416 d